| 000 | 00457cam a2200145u 4500 | ||
|---|---|---|---|
| 082 |
_a940.4 _bBAT |
||
| 110 | 1 |
_aGreat Britain. _939715 |
|
| 245 | 1 | 0 | _aBattle of the Marne, 8th-10th September, 1914. |
| 260 |
_aLondon, _bH. M. Stationery off., _c1935. |
||
| 300 |
_a50 p. _b3 fold. maps (in pocket) _c25 cm. |
||
| 526 |
_a0 _b0 _c0 _d940_400000000000000_BAT |
||
| 650 | 0 |
_aMarne, 1st Battle of the, France, 1914. _949596 |
|
| 650 | 0 |
_aMCE _9379 |
|
| 942 |
_2ddc _cBK |
||
| 999 |
_c553422 _d553422 |
||